Využitie digitálneho marketingu vo vybranom podniku bakalárska práca

Salvato in:
Dettagli Bibliografici
Autore principale: Senajová, Mária
Ente Autore: Obchodná fakulta EU. Katedra marketingu
Altri autori: Miklošík, Andrej
Natura: Libro
Lingua:slovacco
Pubblicazione: Bratislava 2015
Tags: Aggiungi Tag
Nessun Tag, puoi essere il primo ad aggiungerne!!

MARC

LEADER 00000nbm a2200000 4500
001 0203234
005 20161212105457.7
041 0 |a slo 
044 |a SK 
245 1 0 |a Využitie digitálneho marketingu vo vybranom podniku  |b bakalárska práca  |c Mária Senajová ; školiteľ: Andrej Miklošík 
264 1 |a Bratislava  |c 2015 
300 |a 38 s. 
100 1 |a Senajová, Mária 
700 1 |a Miklošík, Andrej 
710 2 |a Obchodná fakulta EU. Katedra marketingu